01328nam a22002417a 450000500170000000800410001702000180005804000070007604100080008308200200009110000240011124500320013526000320016730000250019936500590022452005270028365000240081065000230083470000260085794200120088399900190089595201720091420250506103643.0240729b ||||| |||| 00| 0 eng d a9780143463900 cAL aeng 223a158.1bKIDT aJoey Kidney9209400 aTake Your Time and Hurry Up aNew YorkbEbury Pressc2024 ax,184p.bPBc20x13cm 2Psychologya2488b239.00c₹d299.00e20%f17-07-2024 aHave you ever felt lost or alone in your thoughts, feelings and experiences? Take Your Time and Hurry Up continues Joey’s experiences as he leaves his early twenties and heads toward adulthood. This book appeals to anyone who is navigating ‘adulting’ without a compass or a map, and who is searching for a sense of belonging. Joey gently encourages his audience to find comfort, mindfulness, guidance and connection. A clear theme is woven through each passage: a reminder to slow down. After all, what’s the rush. aResolutions9174429 a Self-Help9174661 aKIDNEY (Joey)9174430 2ddccBK c231533d231533 00102ddc40708PSYaALbALcSKd2024-07-22eBiblios Book Point Surathkal Mangalore 575014g239.00l0o158.1 KIDTp077250r2024-07-29 00:00:00v299.00w2024-07-29yBK